000 00757nam a2200205Ia 4500
003 OSt
005 20250823120748.0
008 210210b2016 xxu||||| |||| 00| 0 eng d
020 _a9789382877493
040 _cAL
041 _aKannada
082 _a954.01K ROMP
100 _aROMILA THAPAR
_970364
_dರೊಮಿಲಾ ಥಾಪರ್
245 _aPengvin avara prachina bharatada itihasa: ugamadinda kri sha 1300 ra varege
_bಪೆಂಗ್ವಿನ್ ಅವರ ಪ್ರಾಚೀನ ಭಾರತದ ಇತಿಹಾಸ : ಉಗಮದಿಂದ ಕ್ರಿ.ಶ. ೧೩೦೦ ರವರೆಗೆ
260 _aMaisuru
_bVismaya Prakashana
_c2016
300 _ax,556+18 Maps
690 _aIndian History
_970365
906 _a071204
942 _2ddc
_cBK
999 _c120552
_d120552